000 00528nam a2200181Ia 4500
003 GCL
008 140319s9999 xx 000 0 ara d
040 _aGCL /
_cGCL
082 0 4 _aد
_b050
100 1 _aاحمد فؤاد الاهوانى
245 1 0 _aالخوف ( اقرا 98 ) /
_cاحمد فؤاد الاهوانى
300 _a128 ص
490 _aوثائق ونصوص
_v0
650 0 4 _aالاضطرابات النفسية
650 0 4 _aالانفعالات النفسية
650 0 4 _aالخوف
942 _2ddc
_cCF
999 _c27389
_d27389